[Event "Europa ch Femenino 2013"]
[Site "Belgrado SER"]
[Date "2013.08.01"]
[Round "9.12"]
[White "Romanko, Marina"]
[Black "Voicu-Jagodzinsky, Carmen"]
[Result "1/2-1/2"]
[WhiteElo "2368"]
[BlackElo "2296"]
[PlyCount "79"]
[EventDate "2013.07.23"]
[EventType "swiss"]
[EventRounds "11"]
[EventCountry "SER"]
[Source "lmi"]
[SourceDate "2013.07.22"]

1. d4 Nf6 2. c4 c5 3. d5 e6 4. Nc3 exd5 5. cxd5 d6 6. e4 g6 7. Nf3 Bg7 8. h3
O-O 9. Bd3 Nh5 10. Bg5 Bf6 11. Be3 a6 12. a4 Nd7 13. O-O Re8 14. Nd2 Bg7 15.
Be2 Nhf6 16. a5 Rb8 17. Qc2 Qe7 18. Bf4 Ne5 19. Bh2 g5 20. f4 gxf4 21. Bxf4
Nfd7 22. Nd1 Ng6 23. Bg3 Bd4+ 24. Kh2 Nf6 25. Ra3 Bd7 26. Nf2 Nxd5 27. Nc4 Ndf4
28. Ng4 Qxe4 29. Bd3 Nxd3 30. Nxd6 Qe2 31. Nh6+ Kh8 32. Qxd3 Bc6 33. Nhxf7+ Kg8
34. Nh6+ Kh8 35. Ndf7+ Kg7 36. Nf5+ Kg8 37. N7h6+ Kh8 38. Nf7+ Kg8 39. N7h6+
Kh8 40. Nf7+ 1/2-1/2

[Event "Europa ch Femenino 2013"]
[Site "Belgrado SER"]
[Date "2013.08.01"]
[Round "9.13"]
[White "Olsarova, Karolina"]
[Black "Savina, Anastasia"]
[Result "0-1"]
[WhiteElo "2246"]
[BlackElo "2368"]
[PlyCount "104"]
[EventDate "2013.07.23"]
[EventType "swiss"]
[EventRounds "11"]
[EventCountry "SER"]
[Source "lmi"]
[SourceDate "2013.07.22"]

1. e4 c5 2. Nf3 Nc6 3. Bb5 d6 4. Bxc6+ bxc6 5. O-O Bg4 6. d3 Nf6 7. Nbd2 e6 8.
h3 Bh5 9. e5 dxe5 10. Qe1 c4 11. Nxc4 Bxf3 12. gxf3 Bd6 13. Nxe5 Nd5 14. Kg2
O-O 15. d4 c5 16. dxc5 Bxc5 17. Bd2 Qc7 18. c4 Nb4 19. Bxb4 Bxb4 20. Qe2 Bd6
21. Rfe1 Bxe5 22. Qxe5 Qxc4 23. b3 Qa6 24. Qe2 Qa3 25. Rad1 Rac8 26. Rd4 Rc5
27. Qd2 Rf5 28. Rc1 Qe7 29. Rcc4 h5 30. Qe3 a5 31. Kh2 Rd8 32. f4 Rxd4 33. Rxd4
Qf6 34. Kg2 Kh7 35. Qd3 g6 36. Qe3 Rc5 37. Qd3 Rc1 38. Qd2 Ra1 39. Rd7 Kg7 40.
Rc7 Rb1 41. Rc4 Kh7 42. Qd4 Qe7 43. Qe5 Qd8 44. Rd4 Qb6 45. Rc4 Qa6 46. Qe4 Ra1
47. a4 Qb6 48. Qc2 Qb7+ 49. Qe4 Qb6 50. Qc2 Qd6 51. Qe2 Qd5+ 52. Qf3 Rg1+ 0-1

[Event "Europa ch Femenino 2013"]
[Site "Belgrado SER"]
[Date "2013.08.01"]
[Round "9.14"]
[White "Molchanova, Tatjana"]
[Black "Lagno, Kateryna"]
[Result "0-1"]
[WhiteElo "2296"]
[BlackElo "2542"]
[PlyCount "134"]
[EventDate "2013.07.23"]
[EventType "swiss"]
[EventRounds "11"]
[EventCountry "SER"]
[Source "lmi"]
[SourceDate "2013.07.22"]

1. d4 Nf6 2. c4 g6 3. f3 Bg7 4. e4 d6 5. Ne2 O-O 6. Be3 c6 7. Qd2 a6 8. a4 a5
9. Na3 Na6 10. Nc3 e5 11. d5 Nc5 12. Rd1 Nb3 13. Qf2 c5 14. Bd3 Nh5 15. Bc2 Nd4
16. Kd2 f5 17. Kc1 Nf6 18. Qh4 fxe4 19. Nxe4 Nxe4 20. Qxd8 Ne2+ 21. Kb1 N4c3+
22. bxc3 Nxc3+ 23. Kc1 Rxd8 24. Rd3 Na2+ 25. Kd2 Nb4 26. Bg5 Rf8 27. Rb3 Bd7
28. Nb5 Bxb5 29. axb5 e4 30. Bxe4 a4 31. Ra3 Bb2 32. Rha1 Bxa1 33. Rxa1 Rf7 34.
Ra3 b6 35. Kd1 Kf8 36. Bc1 Rfa7 37. Kd2 Ke7 38. Kd1 Kd7 39. Kd2 Kc7 40. Kd1 Kd7
41. Kd2 Re8 42. Kc3 Rf8 43. Bh6 Rf7 44. Bc1 Kc8 45. Bg5 Ra8 46. Bc1 Kb7 47. h3
g5 48. Ra1 h6 49. Ba3 Re7 50. g4 Rf8 51. Bxb4 cxb4+ 52. Kxb4 a3 53. Rxa3 Ra8
54. Rxa8 Kxa8 55. Kc3 Kb8 56. Kd4 Kc7 57. Ke3 Kd8 58. f4 Ra7 59. f5 Ke7 60. Kf2
Kf6 61. Bf3 Ke5 62. Be2 Kf4 63. Bf1 Ra2+ 64. Be2 Ke4 65. c5 dxc5 66. f6 Ra7 67.
d6 Ke5 0-1

[Event "Europa ch Femenino 2013"]
[Site "Belgrado SER"]
[Date "2013.08.01"]
[Round "9.15"]
[White "Ivakhinova, Inna"]
[Black "Paehtz, Elisabeth"]
[Result "1/2-1/2"]
[WhiteElo "2291"]
[BlackElo "2454"]
[PlyCount "89"]
[EventDate "2013.07.23"]
[EventType "swiss"]
[EventRounds "11"]
[EventCountry "SER"]
[Source "lmi"]
[SourceDate "2013.07.22"]

1. d4 e6 2. c4 Bb4+ 3. Nc3 b6 4. Qc2 Bb7 5. e3 Nf6 6. a3 Bxc3+ 7. Qxc3 d6 8.
Nf3 Nbd7 9. Be2 O-O 10. O-O c5 11. b4 Rc8 12. Bb2 Qe7 13. Rfd1 Ne4 14. Qb3 Ndf6
15. a4 cxb4 16. Qxb4 Rb8 17. Ne1 a5 18. Qb3 Nd7 19. f3 Nef6 20. Ba3 Ne8 21. e4
Qd8 22. e5 Qc7 23. Qe3 dxe5 24. Bxf8 exd4 25. Qxd4 Nxf8 26. Rab1 Ba6 27. Nc2 e5
28. Qc3 Ne6 29. Ne3 Qc5 30. Kh1 Nd4 31. Bf1 Nd6 32. Nd5 f6 33. f4 Bc8 34. fxe5
fxe5 35. Qg3 Bf5 36. Ne7+ Kh8 37. Nxf5 N6xf5 38. Qd3 Nd6 39. Qe3 Re8 40. Rb2
Qc6 41. Rdb1 Nc8 42. Ra1 Nd6 43. Rab1 Nc8 44. Ra1 Nd6 45. Rab1 1/2-1/2

[Event "Europa ch Femenino 2013"]
[Site "Belgrado SER"]
[Date "2013.08.01"]
[Round "9.16"]
[White "Vega Gutierrez, Sabrina"]
[Black "Ozturk, Kubra"]
[Result "0-1"]
[WhiteElo "2402"]
[BlackElo "2293"]
[PlyCount "56"]
[EventDate "2013.07.23"]
[EventType "swiss"]
[EventRounds "11"]
[EventCountry "SER"]
[Source "lmi"]
[SourceDate "2013.07.22"]

1. e4 e5 2. Nf3 Nc6 3. Bb5 a6 4. Ba4 Nf6 5. O-O b5 6. Bb3 Bb7 7. d3 Bd6 8. a4
O-O 9. Re1 Na5 10. Ba2 c5 11. Nbd2 h6 12. Nf1 Re8 13. Ng3 Bf8 14. Bd2 Nc6 15.
c3 d5 16. exd5 Nxd5 17. Nf5 Qd7 18. N3h4 Rad8 19. Qf3 Kh7 20. Re4 Nf4 21. g3
Ne7 22. Nxe7 Bxe7 23. gxf4 Bxh4 24. fxe5 Rxe5 25. Qf4 Rxe4 26. dxe4 Bg5 27.
Qxf7 Qg4+ 28. Kf1 Bxe4 0-1

[Event "Europa ch Femenino 2013"]
[Site "Belgrado SER"]
[Date "2013.08.01"]
[Round "9.18"]
[White "Mamedjarova, Zeinab"]
[Black "Ovod, Evgenija"]
[Result "0-1"]
[WhiteElo "2256"]
[BlackElo "2386"]
[PlyCount "94"]
[EventDate "2013.07.23"]
[EventType "swiss"]
[EventRounds "11"]
[EventCountry "SER"]
[Source "lmi"]
[SourceDate "2013.07.22"]

1. d4 f5 2. g3 Nf6 3. Bg2 d6 4. Nh3 g6 5. O-O Bg7 6. Nf4 c6 7. c4 e5 8. dxe5
dxe5 9. Qxd8+ Kxd8 10. Nh3 Be6 11. b3 e4 12. Nc3 Re8 13. Ba3 Nbd7 14. Rfd1 Ng4
15. Rac1 Be5 16. Ng5 Bg8 17. Bh3 Bxc3 18. Rxc3 h6 19. Nxe4 Rxe4 20. f3 Re3 21.
Bb4 Rxc3 22. Bxc3 Ne3 23. Rd3 Nxc4 24. bxc4 Bxc4 25. Rd2 Ke7 26. g4 Be6 27.
gxf5 gxf5 28. Kf2 c5 29. a4 b6 30. Rd1 Rg8 31. Re1 f4 32. Bf1 Nf6 33. Bd2 Nd5
34. Rc1 Kd6 35. Rc4 Rf8 36. Re4 a6 37. Bc1 b5 38. axb5 axb5 39. Bb2 Bf5 40. Bg7
Rf7 41. Be5+ Ke6 42. Bb2+ Bxe4 43. fxe4 Ne3 44. Bh3+ Ke7 45. Kf3 Nc4 46. Bc1 b4
47. e5 b3 0-1

[Event "Europa ch Femenino 2013"]
[Site "Belgrado SER"]
[Date "2013.08.01"]
[Round "9.31"]
[White "Umudova, Nargiz"]
[Black "Arakhamia-Grant, Ketevan"]
[Result "0-1"]
[WhiteElo "2253"]
[BlackElo "2385"]
[PlyCount "134"]
[EventDate "2013.07.23"]
[EventType "swiss"]
[EventRounds "11"]
[EventCountry "SER"]
[Source "lmi"]
[SourceDate "2013.07.22"]

1. e4 Nf6 2. e5 Nd5 3. d4 d6 4. Nf3 dxe5 5. Nxe5 c6 6. Bd3 Nd7 7. c3 Nxe5 8.
dxe5 g6 9. O-O Bg7 10. Qe2 Be6 11. Na3 O-O 12. Nc2 c5 13. c4 Nb6 14. b3 Qc7 15.
Bb2 Rae8 16. f4 f5 17. Rad1 Rd8 18. Qe3 Nd7 19. h4 Nb8 20. Be2 b6 21. Qg3 Bf7
22. h5 e6 23. hxg6 Bxg6 24. Bc3 Nc6 25. Qe3 Rf7 26. Rxd8+ Qxd8 27. Bf3 Nb8 28.
Rd1 Rd7 29. Rxd7 Qxd7 30. Qd2 Be8 31. Qxd7 Bxd7 32. Na3 a6 33. Nc2 Bh6 34. g3
Nc6 35. Kf2 b5 36. cxb5 axb5 37. Be2 Ne7 38. Ne1 Nd5 39. Bd2 Bf8 40. Nc2 Kf7
41. Na3 b4 42. Nc4 Kg6 43. a4 bxa3 44. Nxa3 h5 45. Bb5 Bxb5 46. Nxb5 Be7 47.
Kf3 Kf7 48. Nc3 Ke8 49. Nxd5 exd5 50. Be1 Kd7 51. Ke3 Kc6 52. Kd3 Kb5 53. Kc3
Bd8 54. Kd3 Bb6 55. Bc3 c4+ 56. bxc4+ dxc4+ 57. Ke2 Kc6 58. Kf3 Kd5 59. Ke2 Ba7
60. Kf3 Bc5 61. Ba5 Kd4 62. Bd8 c3 63. Ke2 Bb4 64. e6 c2 65. Bf6+ Kd5 66. Bb2
Kxe6 67. Kf3 Bd2 0-1

[Event "Europa ch Femenino 2013"]
[Site "Belgrado SER"]
[Date "2013.08.01"]
[Round "9.32"]
[White "Ibrahimova, Sabina"]
[Black "Shadrina, Tatiana"]
[Result "1-0"]
[WhiteElo "2168"]
[BlackElo "2377"]
[PlyCount "99"]
[EventDate "2013.07.23"]
[EventType "swiss"]
[EventRounds "11"]
[EventCountry "SER"]
[Source "lmi"]
[SourceDate "2013.07.22"]

1. e4 c5 2. Nf3 d6 3. d4 cxd4 4. Nxd4 Nf6 5. Nc3 a6 6. h3 e6 7. g4 b5 8. Bg2
Bb7 9. O-O b4 10. Nd5 exd5 11. exd5 Be7 12. Re1 O-O 13. Nf5 Re8 14. g5 Nfd7 15.
Qd4 Bf8 16. Rxe8 Qxe8 17. Qxb4 Nc5 18. Be3 Nbd7 19. Bf4 a5 20. Qd2 Ne5 21. Re1
Ncd7 22. c4 Qc8 23. b3 a4 24. Qc3 axb3 25. axb3 Qc7 26. h4 Ra3 27. Bc1 Ra2 28.
f4 Rxg2+ 29. Kxg2 Bxd5+ 30. Kg3 Be6 31. Nd4 Ng6 32. Nxe6 fxe6 33. Rxe6 Nc5 34.
Re2 Ne7 35. Qc2 Qd7 36. Bb2 Nf5+ 37. Kh2 Nxh4 38. Kg3 Nf5+ 39. Kh2 Qf7 40. Kg1
Ng3 41. Rh2 Nce4 42. Qd1 Kh8 43. Qf3 d5 44. Bd4 dxc4 45. bxc4 Qxc4 46. Be3 Qd3
47. Rb2 Bd6 48. Kg2 Nf5 49. Bf2 Nxf2 50. Qa8+ 1-0

[Event "Europa ch Femenino 2013"]
[Site "Belgrado SER"]
[Date "2013.08.01"]
[Round "9.33"]
[White "Kursova, Maria"]
[Black "Chelushkina, Irina"]
[Result "0-1"]
[WhiteElo "2351"]
[BlackElo "2265"]
[PlyCount "78"]
[EventDate "2013.07.23"]
[EventType "swiss"]
[EventRounds "11"]
[EventCountry "SER"]
[Source "lmi"]
[SourceDate "2013.07.22"]

1. d4 Nf6 2. Nf3 c5 3. d5 g6 4. Nc3 Bg7 5. e4 d6 6. Bb5+ Nfd7 7. Be2 O-O 8. O-O
Na6 9. Bg5 Nc7 10. a4 a6 11. Nd2 Rb8 12. Nc4 Nf6 13. f4 b5 14. Na5 Bd7 15. axb5
axb5 16. Bf3 b4 17. Ne2 h6 18. Bh4 Nh7 19. c3 g5 20. Be1 g4 21. Bxg4 Bxg4 22.
Nc6 Qd7 23. Nxb8 Rxb8 24. h3 Bxe2 25. Qxe2 f5 26. Ra7 Nf6 27. exf5 Nfxd5 28.
Qd3 Qb5 29. c4 Qb6 30. Ra2 b3 31. Ra4 Bxb2 32. f6 Nxf6 33. Qg6+ Kh8 34. Ba5 Qc6
35. Qxh6+ Nh7 36. Bxc7 Rg8 37. g4 Qxa4 38. g5 Qxc4 39. g6 Bd4+ 0-1

[Event "Europa ch Femenino 2013"]
[Site "Belgrado SER"]
[Date "2013.08.01"]
[Round "9.34"]
[White "Purtseladze, Maka"]
[Black "Bronnikova, Elizaveta"]
[Result "1-0"]
[WhiteElo "2349"]
[BlackElo "2245"]
[PlyCount "91"]
[EventDate "2013.07.23"]
[EventType "swiss"]
[EventRounds "11"]
[EventCountry "SER"]
[Source "lmi"]
[SourceDate "2013.07.22"]

1. d4 Nf6 2. Bg5 Ne4 3. Bf4 c5 4. f3 Nf6 5. d5 b5 6. e4 Qa5+ 7. Qd2 Qxd2+ 8.
Nxd2 b4 9. a3 bxa3 10. Rxa3 d6 11. Nc4 Nbd7 12. Bd3 g6 13. Ne2 Bg7 14. O-O O-O
15. Rfa1 a6 16. R1a2 Ne8 17. Bg5 f6 18. Bf4 Rf7 19. Nc1 Nc7 20. c3 f5 21. g3
fxe4 22. fxe4 Nb5 23. Rb3 Rb8 24. Na5 Nc7 25. Nc6 Rxb3 26. Nxb3 Nb6 27. Nd2 e5
28. Bg5 Bf8 29. Kg2 h6 30. Bd8 Nba8 31. Ra3 h5 32. Bg5 Nb6 33. h3 Kh7 34. Nc4
Nba8 35. Rb3 Nb5 36. Na3 Nxa3 37. bxa3 Rb7 38. Rxb7+ Bxb7 39. Bd8 Kg8 40. Bc2
Kf7 41. Ba4 Bh6 42. Na5 Bc8 43. Bc6 Bd2 44. Bxa8 Bxc3 45. Nc4 Ke8 46. Bc7 1-0

[Event "Europa ch Femenino 2013"]
[Site "Belgrado SER"]
[Date "2013.08.01"]
[Round "9.35"]
[White "Klinova, Masha"]
[Black "Gueci, Tea"]
[Result "1-0"]
[WhiteElo "2322"]
[BlackElo "2018"]
[PlyCount "83"]
[EventDate "2013.07.23"]
[EventType "swiss"]
[EventRounds "11"]
[EventCountry "SER"]
[Source "lmi"]
[SourceDate "2013.07.22"]

1. e4 g6 2. d4 Bg7 3. Nc3 d6 4. f4 Nf6 5. Nf3 O-O 6. Bd3 Na6 7. O-O c5 8. d5
Rb8 9. Qe2 Nc7 10. a4 Bg4 11. h3 Bxf3 12. Qxf3 Nd7 13. Kh1 e6 14. Bd2 b6 15.
Rae1 a6 16. dxe6 fxe6 17. Qe2 b5 18. axb5 axb5 19. Nxb5 Nxb5 20. Bxb5 Nf6 21.
c4 Nh5 22. Qg4 Bxb2 23. Qxe6+ Kh8 24. Qg4 Rb7 25. Be3 Rbf7 26. g3 Qa8 27. Qf3
Bg7 28. Kg2 Re7 29. e5 Qb8 30. exd6 Qxd6 31. Qd5 Qxd5+ 32. cxd5 Rc7 33. Rc1 Nf6
34. Rfd1 Rd8 35. Bc6 c4 36. Bb6 Rcc8 37. Bxd8 Rxd8 38. Rxc4 Bf8 39. Ra4 Bd6 40.
Rb1 Nd7 41. Ra8 Rxa8 42. Bxa8 1-0

[Event "Europa ch Femenino 2013"]
[Site "Belgrado SER"]
[Date "2013.08.01"]
[Round "9.36"]
[White "Batsiashvili, Nino"]
[Black "Kazimova, Narmin"]
[Result "1-0"]
[WhiteElo "2405"]
[BlackElo "2208"]
[PlyCount "151"]
[EventDate "2013.07.23"]
[EventType "swiss"]
[EventRounds "11"]
[EventCountry "SER"]
[Source "lmi"]
[SourceDate "2013.07.22"]

1. Nf3 d5 2. d4 Nf6 3. c4 c6 4. e3 e6 5. Bd3 Bd6 6. Nbd2 Nbd7 7. O-O O-O 8. e4
dxe4 9. Nxe4 Nxe4 10. Bxe4 f5 11. Bc2 Nf6 12. b3 Bd7 13. Bb2 Qc7 14. Ne5 Rae8
15. Qe2 Bc8 16. Rad1 b6 17. Bc3 c5 18. dxc5 bxc5 19. Rfe1 Bb7 20. f3 Rd8 21.
Rd3 Rfe8 22. Red1 Bf8 23. Qe1 Rxd3 24. Nxd3 Bd6 25. Be5 Bxe5 26. Qxe5 Qxe5 27.
Nxe5 Kf8 28. a3 Ke7 29. b4 cxb4 30. axb4 Rd8 31. Ra1 a6 32. b5 Rd2 33. bxa6
Bxa6 34. Bb3 Rb2 35. Nc6+ Kd7 36. Nd4 e5 37. Nxf5 Bc8 38. Ba4+ Ke6 39. Ng3 Rb4
40. Bb5 h5 41. h4 g6 42. Ra8 Bd7 43. Ra6+ Ke7 44. Bxd7 Nxd7 45. Rxg6 Rxc4 46.
Ne4 Nc5 47. Nxc5 Rxc5 48. Rg5 Kf6 49. Rxh5 Rc4 50. Kh2 e4 51. fxe4 Rxe4 52. Kh3
Kg6 53. Ra5 Re3+ 54. g3 Rb3 55. h5+ Kh6 56. Kh4 Rb1 57. Ra6+ Kh7 58. g4 Rb4 59.
h6 Rb1 60. Kh5 Rh1+ 61. Kg5 Rg1 62. Ra7+ Kh8 63. Kh5 Rb1 64. g5 Rb8 65. Re7 Ra8
66. Kg6 Ra6+ 67. Kf5 Ra5+ 68. Re5 Ra1 69. g6 Ra8 70. Kf6 Rf8+ 71. Kg5 Rg8 72.
g7+ Kh7 73. Rf5 Ra8 74. Rf8 Ra5+ 75. Kf4 Ra4+ 76. Ke5 1-0

[Event "Europa ch Femenino 2013"]
[Site "Belgrado SER"]
[Date "2013.08.01"]
[Round "9.37"]
[White "Makropoulou, Marina"]
[Black "Bulmaga, Irina"]
[Result "1/2-1/2"]
[WhiteElo "2220"]
[BlackElo "2403"]
[PlyCount "118"]
[EventDate "2013.07.23"]
[EventType "swiss"]
[EventRounds "11"]
[EventCountry "SER"]
[Source "lmi"]
[SourceDate "2013.07.22"]

1. e4 c5 2. Nf3 d6 3. d4 cxd4 4. Nxd4 Nf6 5. Nc3 a6 6. Be3 e5 7. Nb3 Be6 8. Qd2
b5 9. f3 Nbd7 10. a4 b4 11. Nd5 Bxd5 12. exd5 Nb6 13. a5 Nbxd5 14. Bf2 Qc7 15.
g3 Be7 16. Bd3 O-O 17. O-O Qb7 18. Rae1 Nc7 19. Nd4 Rfe8 20. Nf5 Bf8 21. Qg5
Ne6 22. Qh4 Be7 23. Bb6 g6 24. Nxd6 Bxd6 25. Qxf6 Rac8 26. Be3 Qd5 27. Qh4 f5
28. b3 Qxa5 29. Ra1 Qd8 30. Qxd8 Rcxd8 31. Bc4 Kh8 32. Bxe6 Rxe6 33. Rxa6 Rde8
34. Kg2 Bf8 35. Rfa1 Rxa6 36. Rxa6 Rc8 37. Ra2 Kg8 38. Kf2 h6 39. Ke2 g5 40. g4
f4 41. Bd2 Re8 42. Ra4 e4 43. fxe4 Rxe4+ 44. Kf3 Rd4 45. Bc3 Rd1 46. Bxb4 Bxb4
47. Rxb4 Rd2 48. Rc4 Rxh2 49. b4 Rh1 50. b5 Rf1+ 51. Ke2 Rb1 52. Rc8+ Kg7 53.
c4 h5 54. gxh5 g4 55. Rc6 f3+ 56. Kf2 Rb2+ 57. Kf1 Rb1+ 58. Kf2 Rb2+ 59. Kf1
Rb1+ 1/2-1/2

[Event "Europa ch Femenino 2013"]
[Site "Belgrado SER"]
[Date "2013.08.01"]
[Round "9.38"]
[White "Rogule, Laura"]
[Black "Hairapetian, Anna"]
[Result "1-0"]
[WhiteElo "2329"]
[BlackElo "2214"]
[PlyCount "89"]
[EventDate "2013.07.23"]
[EventType "swiss"]
[EventRounds "11"]
[EventCountry "SER"]
[Source "lmi"]
[SourceDate "2013.07.22"]

1. c4 c5 2. Nc3 Nc6 3. g3 g6 4. Bg2 Bg7 5. e4 e6 6. Nge2 Nge7 7. O-O d6 8. Rb1
O-O 9. a3 b6 10. b4 Bb7 11. d3 Qd7 12. Be3 Rad8 13. f4 f5 14. Qd2 Nd4 15. Bf2
Kh8 16. Nxd4 cxd4 17. Nb5 Nc6 18. c5 fxe4 19. Bxe4 dxc5 20. bxc5 Ba8 21. cxb6
axb6 22. g4 Rc8 23. Bh4 Ne7 24. Bxa8 Rxa8 25. Bxe7 Qxe7 26. Qg2 Qd7 27. Rb4 Ra5
28. a4 Rfa8 29. Qc2 e5 30. f5 gxf5 31. Rxf5 Rg8 32. Rc4 Bh6 33. Qg2 Be3+ 34.
Kh1 Qxf5 35. gxf5 Rxg2 36. Kxg2 Kg7 37. Kf3 Kf6 38. Ke4 Bf4 39. h4 Bg3 40. Rc6+
Kf7 41. Rc7+ Kg8 42. f6 Bxh4 43. Kf5 Ra8 44. Rg7+ Kh8 45. Nd6 1-0

[Event "Europa ch Femenino 2013"]
[Site "Belgrado SER"]
[Date "2013.08.01"]
[Round "9.39"]
[White "Pavlidou, Ekaterini"]
[Black "Mikadze, Miranda"]
[Result "1-0"]
[WhiteElo "2210"]
[BlackElo "2314"]
[PlyCount "115"]
[EventDate "2013.07.23"]
[EventType "swiss"]
[EventRounds "11"]
[EventCountry "SER"]
[Source "lmi"]
[SourceDate "2013.07.22"]

1. d4 d5 2. c4 c6 3. Nf3 Nf6 4. Nc3 dxc4 5. a4 Bf5 6. Nh4 Be6 7. e4 Qa5 8. Nf3
Na6 9. Ne5 Nb4 10. Be3 Nd7 11. Nxc4 Bxc4 12. Bxc4 e6 13. O-O Be7 14. Qe2 O-O
15. Rad1 Qc7 16. Kh1 e5 17. d5 Rad8 18. Rd2 Nb6 19. Bb3 Bd6 20. Rc1 cxd5 21.
exd5 Nd7 22. Rdd1 b6 23. Ne4 Nc5 24. Rc4 Qe7 25. Bxc5 bxc5 26. Qe3 Rc8 27. Nxd6
Qxd6 28. Rdc1 Nxd5 29. Qd2 Qb6 30. Qxd5 Qxb3 31. Qxe5 h6 32. Rg4 f6 33. Qf4
Qxb2 34. Qxh6 Rf7 35. h4 Qxf2 36. Qh5 c4 37. Qa5 c3 38. Qa6 Qc5 39. Rc2 Kh7 40.
Qd3+ Kh8 41. Rd4 Rfc7 42. Rd5 Qc4 43. Rh5+ Kg8 44. Qh7+ Kf7 45. Rf5 Rc6 46. Rf3
Qxa4 47. Rg3 Rg8 48. Qg6+ Kf8 49. Re3 Rc8 50. g3 Rh8 51. Kg2 Rh5 52. Rce2 Qc6+
53. Kh2 Re5 54. Rxe5 fxe5 55. Rf2+ Ke7 56. Rf7+ Ke8 57. Rf6+ Kd7 58. Qxg7+ 1-0

[Event "Europa ch Femenino 2013"]
[Site "Belgrado SER"]
[Date "2013.08.01"]
[Round "9.40"]
[White "Sedina, Elena"]
[Black "Isgandarova, Khayala"]
[Result "1-0"]
[WhiteElo "2313"]
[BlackElo "2219"]
[PlyCount "103"]
[EventDate "2013.07.23"]
[EventType "swiss"]
[EventRounds "11"]
[EventCountry "SER"]
[Source "lmi"]
[SourceDate "2013.07.22"]

1. e4 e6 2. d4 d5 3. e5 c5 4. c3 Nc6 5. Nf3 Qb6 6. a3 c4 7. Nbd2 Na5 8. Be2 Bd7
9. Rb1 Ne7 10. b4 cxb3 11. Nxb3 Ba4 12. Nxa5 Bxd1 13. Rxb6 axb6 14. Bb5+ Kd8
15. Nxb7+ Kc7 16. Kxd1 Kxb7 17. Ng5 Nc6 18. Nxf7 Rg8 19. a4 h6 20. f4 Be7 21.
f5 exf5 22. Rf1 Nd8 23. e6 Rf8 24. Bd7 Nxf7 25. exf7 Kc7 26. Be8 g6 27. Bxh6
Rfxe8 28. fxe8=Q Rxe8 29. Re1 Kd7 30. Kc2 Rh8 31. Bf4 g5 32. Be5 Ra8 33. Kb3 b5
34. axb5 Ra5 35. c4 Ra3+ 36. Kc2 Ra2+ 37. Kb1 Ra4 38. c5 Rb4+ 39. Kc2 Rxb5 40.
Ra1 Rb4 41. Ra7+ Ke6 42. Ra6+ Kf7 43. Rh6 Rc4+ 44. Kd3 f4 45. c6 Bf8 46. Rf6+
Ke8 47. Re6+ Kf7 48. Rf6+ Ke8 49. Bd6 Bg7 50. Re6+ Kd8 51. Bc5 g4 52. Bb6+ 1-0

[Event "Europa ch Femenino 2013"]
[Site "Belgrado SER"]
[Date "2013.08.01"]
[Round "9.41"]
[White "Videnova, Iva"]
[Black "Srebrnic, Ana"]
[Result "0-1"]
[WhiteElo "2301"]
[BlackElo "2203"]
[PlyCount "88"]
[EventDate "2013.07.23"]
[EventType "swiss"]
[EventRounds "11"]
[EventCountry "SER"]
[Source "lmi"]
[SourceDate "2013.07.22"]

1. e4 e5 2. Nf3 Nf6 3. Nxe5 d6 4. Nf3 Nxe4 5. Nc3 Nxc3 6. dxc3 Be7 7. Be3 Nd7
8. Qd2 O-O 9. O-O-O Ne5 10. h4 Nxf3 11. gxf3 Be6 12. Bd3 f5 13. Rdg1 c6 14. Kb1
Qa5 15. a3 Bf6 16. Bg5 Qd5 17. c4 Qxf3 18. Be2 Qe4 19. Bxf6 Rxf6 20. b3 Qe5 21.
f4 Qc5 22. b4 Qf2 23. Qc3 Rg6 24. Rxg6 hxg6 25. h5 gxh5 26. Rxh5 Qxf4 27. Qh3
Kf7 28. Bd3 Qg4 29. Qh1 Rf8 30. Rh4 Qg5 31. Rh5 Qg6 32. Rh3 Ke7 33. Re3 Kd7 34.
Qe1 Qf6 35. Rg3 g5 36. Qg1 f4 37. Rxg5 f3 38. Rg7+ Kc8 39. Qg3 f2 40. Bf1 Qe5
41. Qxe5 dxe5 42. Re7 Rg8 43. Kb2 Rg1 44. Bd3 e4 0-1

[Event "Europa ch Femenino 2013"]
[Site "Belgrado SER"]
[Date "2013.08.01"]
[Round "9.42"]
[White "Olsarova, Tereza"]
[Black "Tarasova, Viktoriya"]
[Result "1-0"]
[WhiteElo "2203"]
[BlackElo "2300"]
[PlyCount "79"]
[EventDate "2013.07.23"]
[EventType "swiss"]
[EventRounds "11"]
[EventCountry "SER"]
[Source "lmi"]
[SourceDate "2013.07.22"]

1. e4 e5 2. Nf3 Nc6 3. Bb5 a6 4. Ba4 Nf6 5. O-O Be7 6. Re1 b5 7. Bb3 d6 8. c3
O-O 9. h3 Bb7 10. d4 Re8 11. Ng5 Rf8 12. Nf3 h6 13. Nbd2 Re8 14. Nf1 Bf8 15.
Ng3 Qc8 16. Nh4 Na5 17. Bc2 c5 18. d5 Nc4 19. Nhf5 Kh7 20. Qf3 Qd8 21. b3 Nb6
22. Bd2 g6 23. Ne3 Bg7 24. Ne2 a5 25. g4 Nfd7 26. Ng3 Ba6 27. Kg2 c4 28. Rh1
Nc5 29. h4 Rf8 30. Rag1 Bc8 31. g5 h5 32. Nxh5 gxh5 33. Qxh5+ Kg8 34. Nf5 Ra7
35. Nxg7 Kxg7 36. Qh6+ Kg8 37. Kf1 cxb3 38. g6 f6 39. g7 Re8 40. Qh8+ 1-0

[Event "Europa ch Femenino 2013"]
[Site "Belgrado SER"]
[Date "2013.08.01"]
[Round "9.43"]
[White "Baraeva, Marina"]
[Black "Zakurdjaeva, Irina"]
[Result "1/2-1/2"]
[WhiteElo "2185"]
[BlackElo "2291"]
[PlyCount "107"]
[EventDate "2013.07.23"]
[EventType "swiss"]
[EventRounds "11"]
[EventCountry "SER"]
[Source "lmi"]
[SourceDate "2013.07.22"]

1. d4 Nf6 2. c4 g6 3. Nc3 Bg7 4. e4 d6 5. Be2 Nbd7 6. Nf3 O-O 7. O-O e5 8. dxe5
dxe5 9. Qc2 c6 10. b4 a5 11. b5 Qe7 12. Rd1 Nh5 13. bxc6 bxc6 14. Qa4 Qb4 15.
Bd2 Nf4 16. Bf1 Nc5 17. Qxc6 Bb7 18. Nd5 Qa3 19. Qc7 Bxd5 20. exd5 Rfc8 21. Qe7
Nh3+ 22. gxh3 Qxf3 23. Bg2 Qf5 24. Qg5 e4 25. Qxf5 gxf5 26. Rac1 Nd3 27. Rc2
Ra6 28. h4 Be5 29. Bh3 Rg6+ 30. Kf1 Bxh2 31. Bxf5 Rf6 32. Kg2 Rxf5 33. Kxh2
Rxf2+ 34. Kg3 f5 35. Rc3 Rf3+ 36. Kh2 Kf7 37. Bg5 Ne5 38. Rxf3 Nxf3+ 39. Kg3
Rxc4 40. Kf4 Rd4 41. Rxd4 Nxd4 42. a4 Ke8 43. Bf6 Nc2 44. Bc3 e3 45. Bxa5 Kd7
46. Kxf5 Kd6 47. Kg5 e2 48. Kh6 Kxd5 49. Kxh7 Kc4 50. Bd2 Kd3 51. Ba5 Kc4 52.
Bd2 Kd3 53. Ba5 Kc4 54. Bd2 1/2-1/2

[Event "Europa ch Femenino 2013"]
[Site "Belgrado SER"]
[Date "2013.08.01"]
[Round "9.44"]
[White "Nikoladze, Sopio"]
[Black "Franciskovic, Borka"]
[Result "1-0"]
[WhiteElo "2163"]
[BlackElo "2277"]
[PlyCount "87"]
[EventDate "2013.07.23"]
[EventType "swiss"]
[EventRounds "11"]
[EventCountry "SER"]
[Source "lmi"]
[SourceDate "2013.07.22"]

1. d4 Nf6 2. Nf3 e6 3. e3 c5 4. b3 Nc6 5. Nbd2 d5 6. Bd3 Bd6 7. Bb2 O-O 8. O-O
b6 9. Ne5 Bb7 10. a3 Ne7 11. Qf3 Ng6 12. Qh3 cxd4 13. Nxg6 hxg6 14. exd4 Nh5
15. g3 a5 16. f4 Ba6 17. Bxa6 Rxa6 18. Nf3 Be7 19. Rae1 b5 20. Bc1 Qc7 21. Rf2
a4 22. Ng5 Qc3 23. Bd2 Qxd4 24. g4 Bc5 25. Be3 Qc3 26. Bxc5 Qxe1+ 27. Rf1 Qe2
28. gxh5 Qxh5 29. Qxh5 gxh5 30. Bxf8 Kxf8 31. Rb1 axb3 32. Rxb3 f6 33. Nf3 Ra4
34. Rxb5 Rxa3 35. Nd4 Re3 36. f5 exf5 37. Rxd5 g6 38. c4 Rc3 39. c5 Ke7 40. c6
f4 41. Rd7+ Ke8 42. Rg7 g5 43. c7 g4 44. Nb5 1-0